000 00674nam a22002297a 4500
001 28602
003 UA-OsUOA
005 20211024114532.0
007 ta
008 20050412b un ||||| |||| 00| 0 ukr d
040 _aUA-OsUOA
_brus
_cUA-OsUOA
_dUA-OsUOA
041 _arus
044 _aRU
080 _a94(47+57)
090 _a94(47+57)
_bС56
245 _aКрымская конференция руководителей трех созных держав СССР, США, Великобритании (4-11 фев. 1945 г.)
260 _c1984
300 _a302 с.
_bІлюстрації
650 7 _a94 Історія
_2UDC
942 _cBK
_2udc
955 _a2
999 _c314971
_d314971